Séries originales Netflix - Mort subite #2 - Statistiques

Statistiques générales
  • Ce quiz a été pris 34 fois
  • Le résultat moyen est 4 sur 16
Answers on the Grid
Answers color-coded by a green-red scale on the quiz's grid according to % correct below.
Narcos
The Crown
Mindhunter
Mercredi
La Résidence
13 Reasons Why
The Witcher
Outer Banks
The Night Agent
Orange Is the New Black
Emily in Paris
Dark
La Défense Lincoln
Adolescence
Arcane
Élite
You
Rick et Morty
Game of Thrones
Lucifer
The Last Kingdom
Snowpiercer
Euphoria
Prison Break
Blacklist
Homeland
Dynastie
The 100
 
Statistiques - réponses
Réponse % Correct
Emily in Paris
52%
Élite
48%
Outer Banks
38%
Adolescence
33%
Dark
33%
The Crown
33%
Arcane
29%
13 Reasons Why
24%
Mindhunter
24%
Orange Is the New Black
24%
The Night Agent
24%
The Witcher
24%
Mercredi
19%
Narcos
14%
La Défense Lincoln
10%
La Résidence
10%
Aucun quiz correspondant
Distribution des résultats
% des personnes avec chaque résultat
Percentile par nombre de réponses
Votre historique - résultats
Vous n’avez pas pris ce quiz